| 000 | 00826nam a22002057a 4500 | ||
|---|---|---|---|
| 999 |
_c11356 _d11356 |
||
| 003 | AR-CdUCM | ||
| 008 | 190403b ||||| |||| 00| 0 spa d | ||
| 020 | _a950-13-2549-0 | ||
| 040 |
_aMUNICIPALIDAD PROVINCIAL DEL CUSCO _cBIBLIOTECA MUNICIPAL DEL CUSCO |
||
| 082 |
_212 ed. _aES / 909 / _bS33 |
||
| 100 |
_aSecco Ellauri, Oscar _916085 |
||
| 245 |
_aHistoria universal : _bÉpoca contemporánea / |
||
| 260 |
_bKapelusz, _c1972. |
||
| 300 |
_a270 paginas _c20 cm. |
||
| 505 | _aContenido :Reseña del estado social y cultural de Europa en la segunda mitad del sigo XVIII -- La revolución francesa -- La época de Napoleón -- La época de la restauración -- Las reformas en Inglaterra durante el siglo XIX ... | ||
| 650 |
_aRevolución Francesa _91606 |
||
| 650 |
_aSiglo XX _98 |
||
| 942 |
_2ddc _cLIBROS |
||
| 945 | _arum | ||